[Event "POL-chT 2nd League"]
[Site "Lubniewice"]
[Date "1993.??.??"]
[Round "?"]
[White "Gralka, Julian"]
[Black "Rogowski, Jaroslaw"]
[Result "0-1"]
[WhiteElo "2300"]
[BlackElo "2300"]
[PlyCount "90"]
[EventDate "1993.09.17"]
[EventType "team-swiss"]
[EventRounds "11"]
[EventCountry "POL"]
[SourceTitle "TD"]
[Source "ChessBase"]
[SourceDate "1994.03.01"]
[SourceVersion "1"]
[SourceVersionDate "1994.03.01"]
[SourceQuality "1"]

1. d4 Nf6 2. Nf3 e6 3. c4 Bb4+ 4. Bd2 Qe7 5. g3 0-0 6. Bg2 Bxd2+ 7. Nbxd2 d6 8. 0-0 e5 9. e4 Bg4 10. Qc2 c5 11. d5 a5 12. Nb1 Na6 13. Nc3 Nc7 14. Nd2 Bd7 15. f4 Ng4 16. Rae1 exf4 17. gxf4 f6 18. Qd3 Ne8 19. a4 Nh6 20. b3 Nf7 21. Qg3 g6 22. Ne2 Ng7 23. Qc3 b6 24. Ng3 Rae8 25. Nf3 g5 26. Nf5 Bxf5 27. exf5 Qd8 28. fxg5 Nxg5 29. Nxg5 Rxe1 30. Qxe1 fxg5 31. Be4 Qf6 32. Qd2 Re8 33. Bc2 Re5 34. Re1 h6 35. Rf1 Nh5 36. Qg2 Kf7 37. Qf3 Nf4 38. h4 Re2 39. Bd1 Qd4+ 40. Kh1 Re3 41. Qf2 Rh3+ 42. Kg1 Ne2+ 43. Bxe2 Rg3+ 44. Kh1 Qxh4+ 45. Qh2 Rh3 0-1

[Event "POL-chT 43rd"]
[Site "Jachranka"]
[Date "1987.??.??"]
[Round "10"]
[White "Adamski, Jan"]
[Black "Rogowski, Jaroslaw"]
[Result "1-0"]
[WhiteElo "2400"]
[BlackElo "2330"]
[PlyCount "87"]
[EventDate "1987.09.23"]
[EventType "team-tourn"]
[EventRounds "11"]
[EventCountry "POL"]
[SourceTitle "EXT 2019"]
[Source "ChessBase"]
[SourceDate "2018.10.10"]
[SourceVersion "1"]
[SourceVersionDate "2018.10.10"]
[SourceQuality "1"]
[WhiteTeam "Katowice Kolejarz"]
[BlackTeam "Wroclaw Politechnika"]
[WhiteTeamCountry "POL"]
[BlackTeamCountry "POL"]

1. c4 c5 2. Nf3 Nf6 3. d4 cxd4 4. Nxd4 e5 5. Nb5 d5 6. cxd5 Bc5 7. N5c3 0-0 8. e3 e4 9. Nd2 Qe7 10. a3 a5 11. Qc2 Bf5 12. b3 Rd8 13. Bb2 Nbd7 14. Nc4 Rac8 15. Rd1 Nb6 16. d6 Qf8 17. Nb5 Ne8 18. Qc3 Bg4 19. Be2 Bxe2 20. Kxe2 Nxc4 21. d7 Rxd7 22. Rxd7 Nb6 23. Rxb7 Bb4 24. axb4 Rxc3 25. Bxc3 Nd5 26. Rb8 h6 27. Rd1 Nxc3+ 28. Nxc3 Qe7 29. Rdd8 Kh7 30. Rxe8 Qg5 31. bxa5 Qxa5 32. Kd2 Qc5 33. Rxe4 Qc7 34. Rb5 Qxh2 35. Rf4 f6 36. g3 Qh1 37. Rd5 Qa1 38. Kc2 Qa6 39. Rd7 h5 40. Rd5 Kh6 41. b4 g5 42. b5 Qe6 43. Re4 Qb6 44. Rc4 1-0

[Event "Lang Memorial-05"]
[Site "Brno"]
[Date "1985.??.??"]
[Round "4"]
[White "Rogowski, Jaroslaw"]
[Black "Telecki, Ivan"]
[Result "0-1"]
[WhiteElo "2365"]
[BlackElo "2280"]
[PlyCount "72"]
[EventDate "1985.07.19"]
[EventType "tourn"]
[EventRounds "9"]
[EventCountry "CSR"]
[SourceTitle "EXT 1999"]
[Source "ChessBase"]
[SourceDate "1998.11.16"]
[SourceVersion "1"]
[SourceVersionDate "1998.11.16"]
[SourceQuality "1"]

1. d4 g6 2. Nf3 Bg7 3. g3 d6 4. Bg2 Nd7 5. 0-0 e5 6. c4 Ne7 7. Nc3 0-0 8. e4 exd4 9. Nxd4 Nc6 10. Nde2 a5 11. h3 g5 12. Be3 Nde5 13. b3 g4 14. hxg4 Nxg4 15. Bf4 f5 16. Qd2 Qe8 17. f3 Nf6 18. exf5 Bxf5 19. g4 Bg6 20. Rae1 Qf7 21. Be3 Nb4 22. g5 Nh5 23. f4 c6 24. Ne4 d5 25. cxd5 cxd5 26. N4c3 Rad8 27. Bb6 Rd7 28. Bxa5 Nd3 29. Rd1 Qf5 30. Rf3 d4 31. Na4 Re7 32. Bb6 Qg4 33. Nc5 Ndxf4 34. Nxf4 Nxf4 35. Rxf4 Rxf4 36. Re1 Qxg5 0-1